000 00727nam a22002417a 4500
003 DO-SdBNP
005 20210818104453.0
007 ta
008 210525e2020 dr a|||j |||| 00| j spa d
020 _a9789945095982
040 _aDO-SdBNP
_bspa
_cBNPHU
041 _hspa
082 4 _aRD863.5
_bV632f
_222
100 1 _aVinces Laura
_978661
245 1 _aFelicidad pegajosa /
_cLaura Vicens ; ilustración, Yatxel Sánchez.
260 _aSanto Domingo :
_b[s.n.].
_c2020.
300 _a28 p. :
_bil. ;
_c22 cm.
590 _aInventariado, 2021/MFF
650 4 _aCuentos infantiles
_zRepública Dominicana
_979351
651 _aLiteratura infantil
_979352
910 _aValidado. Control de calidad MFF
942 _2ddc
_cLBS1
999 _c49842
_d49842